MARKETINGFOR HOSPITALITY AND TOURISM (Record no. 15905)
[ view plain ]
| 000 -LEADER | |
|---|---|
| fixed length control field | 00315nam a22001457a 4500 |
| 003 - CONTROL NUMBER IDENTIFIER | |
| control field | SGT |
| 020 ## - INTERNATIONAL STANDARD BOOK NUMBER | |
| International Standard Book Number | 9332586268 |
| 082 ## - DEWEY DECIMAL CLASSIFICATION NUMBER | |
| Classification number | 651.3 |
| Item number | KOT |
| 100 ## - MAIN ENTRY--PERSONAL NAME | |
| Personal name | KOTLER, PHILIP T. |
| 245 ## - TITLE STATEMENT | |
| Title | MARKETINGFOR HOSPITALITY AND TOURISM |
| 250 ## - EDITION STATEMENT | |
| Edition statement | 7TH |
| 260 ## - PUBLICATION, DISTRIBUTION, ETC. (IMPRINT) | |
| Name of publisher, distributor, etc | PEARSON INDIA |
| Year of Publication | 2018 |
| 300 ## - PAGE DESCRIPTION | |
| No. of Pages | 680 |
| 942 ## - ADDED ENTRY ELEMENTS (KOHA) | |
| Source of classification or shelving scheme | Dewey Decimal Classification |
| Koha item type | Books |
| 942 ## - ADDED ENTRY ELEMENTS (KOHA) | |
| -- | 3 |
| Withdrawn status | Lost status | Source of classification or shelving scheme | Damaged status | Not for loan | Collection code | Home library | Current library | Shelving location | Date acquired | Vendor Name | Cost, normal purchase price | SGTU | Total Checkouts | Full call number | Accession No. (Barcode) | Date last seen | Date last borrowed | Bill Date | Koha item type |
|---|---|---|---|---|---|---|---|---|---|---|---|---|---|---|---|---|---|---|---|
| Dewey Decimal Classification | HOTEL MANAGEMENT | SGT Science & Social Sciences Library | SGT Science & Social Sciences Library | Text Book | 31/08/2018 | JINDAL BOOK COMPANY | 899.00 | SGTU | 1 | 651.3 KOT | HM931 | 21/11/2018 | 26/09/2018 | 31/08/2018 | Books | ||||
| Dewey Decimal Classification | HOTEL MANAGEMENT | SGT Science & Social Sciences Library | SGT Science & Social Sciences Library | Text Book | 31/08/2018 | JINDAL BOOK COMPANY | 899.00 | SGTU | 1 | 651.3 KOT | HM932 | 20/06/2025 | 10/09/2024 | 31/08/2018 | Books | ||||
| Dewey Decimal Classification | HOTEL MANAGEMENT | SGT Science & Social Sciences Library | SGT Science & Social Sciences Library | Text Book | 31/08/2018 | JINDAL BOOK COMPANY | 899.00 | SGTU | 651.3 KOT | HM933 | 31/08/2018 | 31/08/2018 | Books | ||||||
| Dewey Decimal Classification | HOTEL MANAGEMENT | SGT Science & Social Sciences Library | SGT Science & Social Sciences Library | Text Book | 31/08/2018 | JINDAL BOOK COMPANY | 899.00 | SGTU | 2 | 651.3 KOT | HM934 | 29/10/2024 | 13/09/2024 | 31/08/2018 | Books | ||||
| Dewey Decimal Classification | Not For Loan | HOTEL MANAGEMENT | SGT Science & Social Sciences Library | SGT Science & Social Sciences Library | Reference Book | 31/08/2018 | JINDAL BOOK COMPANY | 899.00 | SGTU | 651.3 KOT | HM935 | 31/08/2018 | 31/08/2018 | Books |